Central Library OPAC University of Rajshahi

The Indo-Pakistan maritime conflict, 1965 : (Record no. 3976)

MARC details
000 -LEADER
fixed length control field 01043nam a2200313 4500
001 - CONTROL NUMBER
control field 3976
003 - CONTROL NUMBER IDENTIFIER
rucl marc code BD-RjUL
005 - DATE AND TIME OF LATEST TRANSACTION
control field 20211208233819.0
008 - FIXED-LENGTH DATA ELEMENTS--GENERAL INFORMATION
fixed length control field 131221s1970 ii b 001 0 eng
035 ## - SYSTEM CONTROL NUMBER
System control number (BD-RjUL)
040 ## - CATALOGING SOURCE
Original cataloging agency DLC
Transcribing agency DLC
Modifying agency DLC
Language of cataloging eng
041 ## - LANGUAGE CODE
Language code of text/sound track or separate title eng
082 00 - DEWEY DECIMAL CLASSIFICATION NUMBER
Classification number 341.6
Edition number 16
Author mark and year SHI 1970
100 1# - MAIN ENTRY--PERSONAL NAME
Personal name Sharma, Surya Prakash.
9 (RLIN) 12660
245 14 - TITLE STATEMENT
Title The Indo-Pakistan maritime conflict, 1965 :
Remainder of title a legal appraisal /
Statement of responsibility, etc. Surya P. Sharma.
250 ## - EDITION STATEMENT
Edition statement [1st ed.]
260 ## - PUBLICATION, DISTRIBUTION, ETC. (IMPRINT)
Place of publication, distribution, etc. Bombay :
Name of publisher, distributor, etc. Academic Books,
Date of publication, distribution, etc. 1970
300 ## - PHYSICAL DESCRIPTION
Pagination xii, 130 p.
Size 22 cm.
350 ## - PRICE (NR) (BK AM CF MU VM SE) [OBSOLETE]
Price Rs22.50
500 ## - GENERAL NOTE
General note "Published under the auspices of the Institute of Constitutional and Parliamentary Studies, New Delhi."
504 ## - BIBLIOGRAPHY, ETC. NOTE
Bibliography, etc Includes bibliographical references.
526 ## - STUDY PROGRAM INFORMATION NOTE
Requested Dept. Sociology
650 #0 - SUBJECT ADDED ENTRY--TOPICAL TERM
Topical term or geographic name as entry element War, Maritime (International law).
9 (RLIN) 12661
Topical term or geographic name as entry element India-Pakistan Conflict, 1965.
9 (RLIN) 12662
710 2# - ADDED ENTRY--CORPORATE NAME
Corporate name or jurisdiction name as entry element Institute of Constitutional and Parliamentary Studies, Delhi.
9 (RLIN) 12663
942 ## - ADDED ENTRY ELEMENTS (KOHA)
Source of classification or shelving scheme Dewey Decimal Classification
Koha item type Books
Holdings
Lost status Source of classification or shelving scheme Damaged status Not for loan Collection code Permanent Location Current Location Shelving location Date acquired Source of acquisition Cost, normal purchase price Total Checkouts Full call number Date last seen Copy number Koha item type
  Dewey Decimal Classification   Not For Loan Non-fiction Central Library, University of Rajshahi Central Library, University of Rajshahi Reading Room 12/10/1976 BAGASHI CALCATA 7.00   341.6 SHI 1970 21/12/2013 C-1 Books